Our Sacraments: (Record no. 3851)

MARC details
000 -LEADER
fixed length control field 00571nam a22001817a 4500
003 - CONTROL NUMBER IDENTIFIER
control field GBCCL
005 - DATE AND TIME OF LATEST TRANSACTION
control field 20241126110505.0
008 - FIXED-LENGTH DATA ELEMENTS--GENERAL INFORMATION
fixed length control field 171214b xxu||||| |||| 00| 0 eng d
040 ## - CATALOGING SOURCE
Transcribing agency gbc
082 ## - DEWEY DECIMAL CLASSIFICATION NUMBER
Classification number 230.76
Item number SHE
100 ## - MAIN ENTRY--PERSONAL NAME
Personal name Sheets, Herchel H.
9 (RLIN) 7589
245 ## - TITLE STATEMENT
Title Our Sacraments:
Remainder of title A United Methodist View of Baptism and Communion /
Statement of responsibility, etc. Herchel H. Sheets
260 ## - PUBLICATION, DISTRIBUTION, ETC.
Name of publisher, distributor, etc. Discipleship Resources,
Place of publication, distribution, etc. Nashville:
Date of publication, distribution, etc. 1986
300 ## - PHYSICAL DESCRIPTION
Extent 20 p.;
Dimensions 23 cm.
650 ## - SUBJECT ADDED ENTRY--TOPICAL TERM
Topical term or geographic name entry element United Methodist Church
General subdivision Doctrines
9 (RLIN) 11048
650 ## - SUBJECT ADDED ENTRY--TOPICAL TERM
Topical term or geographic name entry element Sacraments
General subdivision Methodist Church
9 (RLIN) 11049
942 ## - ADDED ENTRY ELEMENTS (KOHA)
Source of classification or shelving scheme Dewey Decimal Classification
Koha item type Books
Koha issues (borrowed), all copies 2
Holdings
Withdrawn status Lost status Source of classification or shelving scheme Damaged status Not for loan Home library Current Library Shelving location Date acquired Total checkouts Full call number Barcode Date last seen Date last checked out Copy number Price effective from Koha item type
    Dewey Decimal Classification     GRACE BIBLE COLLEGE GRACE BIBLE COLLEGE Theology 2017-12-14 2 230.76 SHE 003820 2025-05-01 2024-07-31 c.1 2017-12-14 Books
© Grace Bible College Library 2025